Se hace camino al andar: (elementos para una estrategia nacional de IEC en salud sexual y reproductiva en la Republica Dominicana). (Record no. 110358)

MARC details
000 -LEADER
campo de control de longitud fija 00774nam a2200253Mu 4500
001 - NÚMERO DE CONTROL
campo de control 45366
005 - FECHA Y HORA DE LA ÚLTIMA TRANSACCIÓN
campo de control 20230411085957.0
008 - DATOS DE LONGITUD FIJA--INFORMACIÓN GENERAL
campo de control de longitud fija 951023s1995 dr 000 0 spa d
035 ## - NÚMERO DE CONTROL DEL SISTEMA
Número de control de sistema (OCoLC)ocm69848263
040 ## - FUENTE DE CATALOGACIÓN
Centro catalogador/agencia de origen LILAC
Centro/agencia transcriptor LILAC
029 0# - OTRO NÚMERO DE CONTROL DE SISTEMA (OCLC)
Identificador de la biblioteca OCLC LILAC
Número de control de sistema 184260
035 ## - NÚMERO DE CONTROL DEL SISTEMA
Número de control de sistema (OCoLC)69848263
049 ## - FONDOS LOCALES (OCLC)
Biblioteca depositaria GRAL
100 1# - ENTRADA PRINCIPAL--NOMBRE DE PERSONA
Nombre de persona Anon.
245 10 - MENCIÓN DEL TÍTULO
Título Se hace camino al andar: (elementos para una estrategia nacional de IEC en salud sexual y reproductiva en la Republica Dominicana).
260 ## - PUBLICACIÓN, DISTRIBUCIÓN, ETC.
Lugar de publicación, distribución, etc. Santo Domingo :
Nombre del editor, distribuidor, etc. Fondo de Poblacion de las Naciones Unidas,
Fecha de publicación, distribución, etc. 1995.
300 ## - DESCRIPCIÓN FÍSICA
Extensión 161 p. :
Otras características físicas ilus.
650 17 - PUNTO DE ACCESO ADICIONAL DE MATERIA--TÉRMINO DE MATERIA
Término de materia o nombre geográfico como elemento de entrada Salud.
Fuente del encabezamiento o término dcs
650 17 - PUNTO DE ACCESO ADICIONAL DE MATERIA--TÉRMINO DE MATERIA
Término de materia o nombre geográfico como elemento de entrada Reproduccion.
Fuente del encabezamiento o término dcs
650 17 - PUNTO DE ACCESO ADICIONAL DE MATERIA--TÉRMINO DE MATERIA
Término de materia o nombre geográfico como elemento de entrada Sexo.
Fuente del encabezamiento o término dcs
650 17 - PUNTO DE ACCESO ADICIONAL DE MATERIA--TÉRMINO DE MATERIA
Término de materia o nombre geográfico como elemento de entrada Planificacion familiar.
Fuente del encabezamiento o término dcs
942 ## - ELEMENTOS DE ENTRADA SECUNDARIOS (KOHA)
Fuente del sistema de clasificación o colocación Clasificación de Library of Congress
Tipo de ítem Koha
994 ## -
-- C0
-- DRFGD
Holdings
Estatus retirado Estado de pérdida Fuente del sistema de clasificación o colocación Estado de daño No para préstamo Colección Biblioteca de origen Biblioteca actual Ubicación en estantería Fecha de adquisición Código de barras Visto por última vez Copia número Tipo de ítem Koha
    Clasificación de Library of Congress     Automatización y Procesos Técnicos Biblioteca Juan Bosch Biblioteca Juan Bosch Automatización y Procesos Técnicos (1er. Piso) 11/04/2023 00000046534 17/02/2019 1